Úroveň a tendencie vo vývoji zahranično-obchodných vzťahov SR so zameraním na výsledky zahraničného obchodu v roku 2000

Vývoj ekonomiky Slovenska v rokoch 1998-2000 vo väzbe na vývoj svetovej ekonomiky a integračné systémy. Vývoj zahraničného obchodu SR. Teritoriálna štruktúra zahraničného obchodu. Tovarová štruktúra zahraničného obchodu. Vývoj cien slovenskej vývoznej produkcie a hmotného objemu vývozu. Nepriame výv...

Ausführliche Beschreibung

Gespeichert in:
Bibliographische Detailangaben
1. Verfasser: Burda, Štefan
Format: Buchkapitel
Sprache:Slowakisch
Schlagworte:
Tags: Tag hinzufügen
Keine Tags, Fügen Sie das erste Tag hinzu!

MARC

LEADER 00000naa a2200000 4500
001 r042853
005 20230825104003.7
041 0 |a slo 
044 |a SK 
245 1 0 |a Úroveň a tendencie vo vývoji zahranično-obchodných vzťahov SR so zameraním na výsledky zahraničného obchodu v roku 2000  |c Štefan Burda 
520 |a Vývoj ekonomiky Slovenska v rokoch 1998-2000 vo väzbe na vývoj svetovej ekonomiky a integračné systémy. Vývoj zahraničného obchodu SR. Teritoriálna štruktúra zahraničného obchodu. Tovarová štruktúra zahraničného obchodu. Vývoj cien slovenskej vývoznej produkcie a hmotného objemu vývozu. Nepriame vývozy. Očakávaný vývoj ZO SR v roku 2001 a v ďalšom období. Prognóza vývoja ZO do konca roku 2001. 
610 2 0 |a obchod zahraničný 
610 2 0 |a vývoj hospodársky 
610 2 0 |a Slovensko 
610 2 0 |a 1998-2000 
610 2 0 |a hospodárstvo svetové 
610 2 0 |a výkonnosť 
610 2 0 |a vývoz 
610 2 0 |a dovoz 
610 2 0 |a prognózy 
610 2 0 |a 2001 
100 1 |a Burda, Štefan